Portrait of a killer : (Record no. 1407)

MARC details
000 -LEADER
fixed length control field 01600cam a22003494a 4500
005 - DATE AND TIME OF LATEST TRANSACTION
control field 20260322212059.0
008 - FIXED-LENGTH DATA ELEMENTS--GENERAL INFORMATION
fixed length control field data
010 ## - LIBRARY OF CONGRESS CONTROL NUMBER
LC control number 2002031802
020 ## - INTERNATIONAL STANDARD BOOK NUMBER
International Standard Book Number 0399149325 (acidfree paper)
020 ## - INTERNATIONAL STANDARD BOOK NUMBER
International Standard Book Number 978-0399149320 (acid-free paper)
040 ## - CATALOGING SOURCE
Original cataloging agency DLC
Transcribing agency DLC
Modifying agency DLC
042 ## - AUTHENTICATION CODE
Authentication code pcc
043 ## - GEOGRAPHIC AREA CODE
Geographic area code e-uk-en
050 00 - LIBRARY OF CONGRESS CALL NUMBER
Classification number HV6535.G6
Item number L6335 2002
082 00 - DEWEY DECIMAL CLASSIFICATION NUMBER
Classification number 364.15/23/092
Edition information 21
001 - CONTROL NUMBER
control field data
100 1# - MAIN ENTRY--PERSONAL NAME
Personal name Cornwell, Patricia Daniels.
245 10 - TITLE STATEMENT
Title Portrait of a killer :
Remainder of title Jack the Ripper-- case closed /
Statement of responsibility, etc. Patricia Daniels Cornwell.
260 ## - PUBLICATION, DISTRIBUTION, ETC.
Place of publication, distribution, etc. New York :
Name of publisher, distributor, etc. Putnam's,
Date of publication, distribution, etc. 2002.
300 ## - PHYSICAL DESCRIPTION
Extent 387 p., [24] p. of plates :
Other physical details col. ill., map ;
Dimensions 24 cm.
504 ## - BIBLIOGRAPHY, ETC. NOTE
Bibliography, etc. note Includes bibliographical references (p. [367]-379) and index.
600 00 - SUBJECT ADDED ENTRY--PERSONAL NAME
Personal name Jack,
Titles and other words associated with a name the Ripper.
600 10 - SUBJECT ADDED ENTRY--PERSONAL NAME
Personal name Sickert, Walter,
Dates associated with a name 1860-1942.
650 #0 - SUBJECT ADDED ENTRY--TOPICAL TERM
Topical term or geographic name entry element Serial murders
Geographic subdivision London
-- London
General subdivision History
Chronological subdivision 19th century.
651 #0 - SUBJECT ADDED ENTRY--GEOGRAPHIC NAME
Geographic name Whitechapel (London, England)
General subdivision History.
856 41 - ELECTRONIC LOCATION AND ACCESS
Materials specified Sample text
Uniform Resource Identifier <a href="http://www.loc.gov/catdir/enhancements/fy0716/2002031802-s.html">http://www.loc.gov/catdir/enhancements/fy0716/2002031802-s.html</a>
856 42 - ELECTRONIC LOCATION AND ACCESS
Materials specified Publisher description
Uniform Resource Identifier <a href="http://www.loc.gov/catdir/enhancements/fy0716/2002031802-d.html">http://www.loc.gov/catdir/enhancements/fy0716/2002031802-d.html</a>
856 42 - ELECTRONIC LOCATION AND ACCESS
Materials specified Contributor biographical information
Uniform Resource Identifier <a href="http://www.loc.gov/catdir/enhancements/fy0716/2002031802-b.html">http://www.loc.gov/catdir/enhancements/fy0716/2002031802-b.html</a>
906 ## - LOCAL DATA ELEMENT F, LDF (RLIN)
a 7
b cbc
c orignew
d 1
e ocip
f 20
g y-gencatlg
925 0# -
-- acquire
-- 2 shelf copies
-- policy default
955 ## - COPY-LEVEL INFORMATION (RLIN)
-- sc17 2002-08-29
-- sc02 2002-08-29 to Dewey
-- pv01 2003-03-06 CIP ver to BCCD
-- sf04 2003-04-23 copy 2 to BCCD
Holdings
Withdrawn status Lost status Damaged status Not for loan Home library Current library Shelving location Date acquired Total checkouts Full call number Barcode Date last seen Price effective from Koha item type
        Centerville Centerville General stacks 22/03/2026   364.15/23/092 21 BC0011454 22/03/2026 22/03/2026 Books